La semiosis social: fragmentos de una teoría de la discursividad /
Esta obre reúne textos teóricos relativos al estudio de los discursos sociales y escritos. Se abordan un ciertos número de medios de comunicación (prensa escrita, radio, televisión, exposiciones) acerca de varias especies de discursos ( el discurso político, la información, la publicidad , la divulg...
محفوظ في:
| المؤلف الرئيسي: | |
|---|---|
| التنسيق: | غير معروف |
| اللغة: | Spanish |
| منشور في: |
España :
Gedisa
|
| سلاسل: | Colección : El Mamífero Parlante Serie Mayor
|
| الموضوعات: | |
| الوسوم: |
إضافة وسم
لا توجد وسوم, كن أول من يضع وسما على هذه التسجيلة!
|
MARC
| LEADER | 00000 a2200000 04500 | ||
|---|---|---|---|
| 001 | 43527 | ||
| 003 | |||
| 008 | 050618s1996 sp spa d | ||
| 040 | |||
| 020 | |a 84-7432-502-1 | ||
| 090 | |a 1001 V547s | ||
| 100 | |a Verón, Eliseo | ||
| 245 | |a La semiosis social: |b fragmentos de una teoría de la discursividad / |c Eliseo Verón | ||
| 260 | |a España : |b Gedisa | ||
| 300 | |a 235 páginas | ||
| 440 | |a Colección : El Mamífero Parlante |p Serie Mayor | ||
| 520 | |a Esta obre reúne textos teóricos relativos al estudio de los discursos sociales y escritos. Se abordan un ciertos número de medios de comunicación (prensa escrita, radio, televisión, exposiciones) acerca de varias especies de discursos ( el discurso político, la información, la publicidad , la divulgación científica). La primera parte reproduce un largo texto que aborda el problema del surgimiento de los discursos científicos en la historia, propone un modelo y lo aplica a la fundación de la lingüística. La segunda parte trabaja la noción de "discursos". En la tercera parte el autor se sitúa frente a ciertos desarrollo recientes de la "pragmática". | ||
| 590 | |a RRA/JULIO2012 | ||
| 650 | |a DISCURSOS | ||
| 650 | |a TEORIA SOCIAL | ||
| 650 | |a SEMIOTICA | ||
| 650 | |a MEDIOS DE COMUNICACION DE MASAS | ||
| 650 | |a COMUNICACION | ||
| 999 | |c 7043 |d 7043 | ||



